000 00458nam a2200157Ia 4500
008 151021s9999 xx 000 0 und d
020 _a72300329
050 _aGV713.M35 2001
245 _a_The Management of sport its foundation and application.-3rd ed.
260 _aNewYork McGraw-hill 2001
300 _axvi,416p.
500 _aIncludes index
500 _aIncludes index
650 _a_sport -management
980 _a^d20130610 12:53:54^oanne
999 _c14097
_d14097